ASOIAF - Riverlands Houses COAs - Statistics

General Stats
  • This quiz has been taken 110 times
  • The average score is 11 of 21
Answer Stats
Picture Answer % Correct
Tully
98%
Frey
97%
Blackwood
92%
Bracken
91%
Mallister
88%
Whent
85%
Darry
75%
Piper
74%
Mooton
68%
Vance of Wayfarer's Rest
62%
Smallwood
57%
Vance of Atranta
54%
Butterwell
35%
Wode
32%
Vypren
25%
Paege
23%
Wayn
23%
Goodbrook
20%
Charlton
18%
Shawney
17%
Roote
15%
No matching quizzes found
Score Distribution
Percent of People with Each Score
Percentile by Number Answered
Your Score History
You have not taken this quiz